000 00526nam a2200181Ia 4500
003 GCL
008 140319s9999 xx 000 0 ara d
040 _aGCL /
_cGCL
082 0 4 _a813.01
_bا ق
100 1 _aاسماعيل المبروك
245 1 0 _a15 قصة مصرية المجموعة الثانية /
_cاسماعيل المبروك
300 _a152 ص
490 _aكتب للجميع
_v0
650 0 4 _aالادب العربى
650 0 4 _aالادب
650 0 4 _aالقصة القصيرة
942 _2ddc
_cBK
999 _c40849
_d40849